<?xml version="1.0" encoding="UTF-8"?>
<collection xmlns="http://www.loc.gov/MARC21/slim">
  <record>
    <leader>00000nam  2200000   4500</leader>
    <controlfield tag="001">INLIS000000000810375</controlfield>
    <controlfield tag="005">20260525110750</controlfield>
    <datafield tag="035" ind1="#" ind2="#">
      <subfield code="a">0010-1225000013</subfield>
    </datafield>
    <datafield tag="100" ind1="#" ind2="#">
      <subfield code="a">Ibnu Katsir, Amir Hamzah, Beni H, Misbah</subfield>
    </datafield>
    <datafield tag="245" ind1="1" ind2="#">
      <subfield code="a">Al bidayah wa an-nihayah :</subfield>
      <subfield code="b">Pembahasan : Peristiwa-peristiwa tahun 125 Hijriyah-tahun 209 Hijriyah /</subfield>
      <subfield code="c">Ibnu Katsir</subfield>
    </datafield>
    <datafield tag="250" ind1="#" ind2="#">
      <subfield code="a">Cet. 1 Jil. 14</subfield>
    </datafield>
    <datafield tag="260" ind1="#" ind2="#">
      <subfield code="b">Dar al Kotob Al Ilmiyah</subfield>
    </datafield>
    <controlfield tag="006">a           ||| |</controlfield>
    <controlfield tag="007">ta</controlfield>
    <controlfield tag="008">260525###########################0#ara##</controlfield>
    <datafield tag="020" ind1="#" ind2="#">
      <subfield code="a">272728282929</subfield>
    </datafield>
    <datafield tag="040" ind1="#" ind2="#">
      <subfield code="a">JKPNPNA</subfield>
      <subfield code="b">###</subfield>
    </datafield>
    <datafield tag="082" ind1="#" ind2="#">
      <subfield code="a">909</subfield>
    </datafield>
    <datafield tag="084" ind1="#" ind2="#">
      <subfield code="a">909 IBN a</subfield>
    </datafield>
    <datafield tag="300" ind1="#" ind2="#">
      <subfield code="a">6088 Hlm ;</subfield>
      <subfield code="c">24 cm</subfield>
    </datafield>
    <datafield tag="990" ind1="#" ind2="#">
      <subfield code="a">00000004943</subfield>
    </datafield>
    <datafield tag="990" ind1="#" ind2="#">
      <subfield code="a">00000004944</subfield>
    </datafield>
    <datafield tag="990" ind1="#" ind2="#">
      <subfield code="a">00000004945</subfield>
    </datafield>
    <datafield tag="990" ind1="#" ind2="#">
      <subfield code="a">00000004946</subfield>
    </datafield>
    <datafield tag="990" ind1="#" ind2="#">
      <subfield code="a">00000004947</subfield>
    </datafield>
    <datafield tag="990" ind1="#" ind2="#">
      <subfield code="a">00000004948</subfield>
    </datafield>
    <datafield tag="990" ind1="#" ind2="#">
      <subfield code="a">00000004949</subfield>
    </datafield>
    <datafield tag="990" ind1="#" ind2="#">
      <subfield code="a">00000004950</subfield>
    </datafield>
  </record>
</collection>
